000
00323 a2200133 4500
001
154680
040
_c
Escola São Tomás de Aquino
100
_a
VILLA, Marco Antonio
240
1
0
_a
Sociedade e história do brasil
_l
por
245
1
0
_a
Sociedade e história do brasil
300
_a
47
697
_a
HISTÓRIA
942
_c
BK
999
_c
154680
_d
154680